History Quiz

Random History or Politics Quiz

Political Parties with Electoral Votes Quiz Stats

Quiz Updated Dec 22, 2016

Challenge
Share
Tweet
Embed
Score 0/16 Timer 03:00
2 Plays Today
Years Political Party % Correct
1856-2016Republican
98.8%
1828-2016Democratic
94.8%
1836-1856Whig
82.1%
1796-1816Federalist
54.9%
1912, 1924Progressive
49.8%
1796-1824Democratic-Republican
47.4%
1972, 2016Libertarian
37.2%
1856American
33.5%
Years Political Party % Correct
1948State's Rights Democratic
21.7%
1892-1896Populist
18.1%
1968American Independent
17.9%
1860Constitutional Union
14.3%
1864National Union
11.1%
1832Anti-Masonic
8.3%
1828-1832National-Republican
5.1%
1872Liberal Republican
3.9%

You're not logged in!

Compare scores with friends on all Sporcle quizzes.
Sign Up with Email
OR
Log In

You Might Also Like...

Show Comments

Extras

Top Quizzes Today


Score Distribution

Your Account Isn't Verified!

In order to create a playlist on Sporcle, you need to verify the email address you used during registration. Go to your Sporcle Settings to finish the process.